000 00669nam a2200217 a 4500
001 BRCA_4109
005 20190320204541.0
008 240310s2005----dk-a######---#000-0#dan-#
020 _a8787162210
041 _adaneng
044 _adk
050 4 _aPT8119
_b.S75 2005
100 1 _aStig Askgaard, Ejnar
_910634
245 1 0 _aHans Christian Andersen
_cby Ejnar Stig Askgaard.
260 _aOdense, Dinamarca
_bOdense City Museums
_c2005
300 _a74 p.
_bil. a color
_c27 cm.
546 _aTexto en danés e inglés
600 1 4 _aAndersen, H. C.
_d1805-1875
_q(Hans Christian)
_910635
650 1 4 _aAutores daneses
_vBiografías
_ySiglo XIX
_910636
942 _2lcc
_cB
999 _c3827
_d3827